| LEADER | 01356nam a2200217 4500 | ||
|---|---|---|---|
| 082 | |a 596 |b TR120Gi | ||
| 100 | |a Trần Gia Huấn | ||
| 245 | |a Động vật có xương sống |c Trần Gia Huấn, Trần Kiên, Nguyễn Thái Tự, Đoàn Hiến |n T.1 | ||
| 250 | |a In lại lần thứ 2 | ||
| 260 | |a H.: |b Giáo dục, |c 1979. | ||
| 300 | |a 159 tr.; |c 26 cm. | ||
| 520 | |a v.v... | ||
| 653 | |a Động vật | ||
| 942 | |2 ddc |c STK0 | ||
| 999 | |c 7134 |d 7134 | ||
| 952 | |0 0 |1 0 |2 ddc |4 0 |6 596_000000000000000_TR120GI |7 0 |8 500 |9 66325 |a qbu |b qbu |c D3 |d 2015-01-28 |o 596 TR120Gi |p 6417.c1 |r 0000-00-00 |w 2015-01-28 |y STK0 | ||
| 952 | |0 0 |1 0 |2 ddc |4 0 |6 596_000000000000000_TR120GI |7 0 |8 500 |9 66326 |a qbu |b qbu |c D3 |d 2015-01-28 |o 596 TR120Gi |p 6417.c2 |r 0000-00-00 |w 2015-01-28 |y STK0 | ||
| 952 | |0 0 |1 0 |2 ddc |4 0 |6 596_000000000000000_TR120GI |7 0 |8 500 |9 66327 |a qbu |b qbu |c D3 |d 2015-01-28 |l 1 |m 1 |o 596 TR120Gi |p 6417.c3 |r 2015-09-21 |s 2015-09-07 |w 2015-01-28 |y STK0 | ||
| 952 | |0 0 |1 0 |2 ddc |4 0 |6 596_000000000000000_TR120GI |7 0 |8 500 |9 66328 |a qbu |b qbu |c D3 |d 2015-01-28 |o 596 TR120Gi |p 6417.c4 |r 0000-00-00 |w 2015-01-28 |y STK0 | ||
| 952 | |0 0 |1 0 |2 ddc |4 0 |6 596_000000000000000_TR120GI |7 0 |8 500 |9 66329 |a qbu |b qbu |c D3 |d 2015-01-28 |o 596 TR120Gi |p 6417.c5 |r 0000-00-00 |w 2015-01-28 |y STK0 | ||
| 952 | |0 0 |1 0 |2 ddc |4 0 |6 596_000000000000000_TR120GI |7 0 |8 500 |9 99861 |a qbu |b qbu |c D3 |d 2015-11-25 |o 596 TR120Gi |p 6417.c6 |r 0000-00-00 |w 2015-11-25 |y STK0 | ||